000 01782cam a2200361 i 4500
999 _c3538
_d3538
001 ocn889425084
003 OCoLC
005 20170925121916.0
008 140813s2013 ke b 001 0 eng
010 _a 2013441866
020 _a9789966054012
020 _a9966054014
035 _a(OCoLC)889425084
040 _aDLC
_beng
_erda
_cDLC
_dBOL
_dOCLCF
_dOCLCO
_dOCL
_dOCLCQ
_dP4A
_dINU
042 _alcode
_apcc
043 _afe-----
049 _aTZAA
050 0 0 _aKQC457
_b.O38
082 0 4 _a347.67601
_223
100 1 _aOjwang, J. B.
245 1 0 _aAscendant judiciary in East Africa : reconfiguring the balance of power in a democratizing constitutional order /
_breconfiguring the balance of power in a democratizing constitutional order /
_cthe Hon. Justice (Prof) Jackton B. Ojwang, LL. B., LL. M. (Nairobi), Ph. D. (Cantab), Judge of the Supreme Court of Kenya, Full Professor of Law.
260 _aNairobi
_bStrathmore University Press
_c2013
300 _a143 pages ;
_c24 cm
504 _aIncludes bibliographical references (pages 141-142) and index.
505 0 _aConstitutionalism and judicialism: ideologies of Kenya's new Constitution -- Kenya's democratic Constitution: the judiciary at a crossroads -- Judicial review and constitutional adjudication -- The common law, the judiciary, and the African experience -- The judiciary and the sphere of the environment -- Judicial ethics and judges' misconduct -- The independence of the judiciary -- Judicial power through case law: random sampling.
650 0 _aJustice, Administration of
_zAfrica, East.
650 0 _aBalance of power.
650 7 _aBalance of power.
_2fast
650 7 _aJustice, Administration of.
_2fast
651 7 _aAfrica, East.
_2fast
653 _aDonation
942 _2lcc
_cBOOK